000
00184 a2200097 4500
001
8114
100
_a
245
_a
The F A Book for Boys
260
_a
_b
F A
_c
090
_c
6515
_d
6515
942
_a
NUST-CAE
_c
M
_c
33062
999
_c
243187
_d
243187